Responses for Show #8814 - Thursday, February 23, 2023

2023 High School Reunion Tournament quarterfinal game 4.

Contestants

[<< previous game]

Teagan O'Sullivan, a first-year student at American University from Watertown, Massachusetts

Shriya Yarlagadda, a sophomore at Harvard University from Grand Blanc, Michigan

Justin Bolsen, a first-year student at Brown University from Canton, Georgia

[next game >>]

Jeopardy! Round responses

GREEK LIFE
FASHION
STATE CAPITALS
EIGHT IS ENOUGH
COLLEGE FOOTBALL
POST-GRADUATION
(Mayim: Words not far after "graduation" in the dictionary.)
    $200 19
Homer

Justin
    $200 30
Birkenstocks

Justin
    $200 6
Topeka

Teagan
    $200 27
Hanukkah

Shriya
    $200 22
the Rose Bowl

Teagan
    $200 28
grasp

Justin
    $400 18
Pythagoras

Shriya
    $400 29
a bucket

Justin
    $400 4
Sacramento

Teagan
    $400 26
the Sermon on the Mount

Justin
    $400 21
Oklahoma

Justin
    $400 9
graphite

Justin
    $600 17
Crete

Shriya
    $600 25
pinstripes

Justin
    $600 1
[Teagan picked first.]

Frankfort

Justin
    $600 14
The Ocho

Justin
    $600 20
Mahomes

Teagan
    $600 5
grapple

Justin
    $2,000 16
(Teagan: What is Thermopylae?)

Marathon

Teagan
    $800 24
argyle

Teagan
    $800 3
Little Rock

Teagan
    $800 13
Bangladesh

Shriya
    $800 11
Saban

Shriya
    $800 7
granite

Shriya
    $1000 15
[Mayim corrects "Hip-poh-crat-eez" to "Hih-pok-ruh-teez".]

Hippocrates

Teagan
    $1000 23
(Teagan: What is burgundy?)

magenta

Teagan
Triple Stumper
    $1000 2
(Justin: What is Cheyenne?)

Helena

JustinShriya
    $1000 12
(Justin: What is Brisbane?)

Melbourne

JustinShriya
    $1000 10
(Shriya: What is LSU?)

Grambling State University

Shriya
Triple Stumper
    $1000 8
(Mayim: That's right, the Grammy Awards.)

a gramophone

Shriya

Scores at the first commercial break (after clue 15):

Justin Shriya Teagan
$200 $4,400 $2,400

Scores at the end of the Jeopardy! Round:

Justin Shriya Teagan
$2,600 $5,600 $1,000

Double Jeopardy! Round responses

ASTRONOMY & SPACE
YOU SEEM UPSET
AUTHORS' ALMA MATERS
OLD HISTORY
ANNUAL EVENTS
FIGHT SONGS
    $400 16
Venus

Justin
    $400 28
gloom

Shriya
    $400 20
Ohio State

Teagan
    $400 5
Persia

Shriya
    $400 30
Mardi Gras

Justin
    $400 26
stronger

Justin
    $800 15
(Shriya: What is an AU?)

a light-year

ShriyaTeagan
    $800 27
the collar

Teagan
    $800 17
BYU (Brigham Young)

Shriya
    $2,000 4
the Mongols

Teagan
    $800 29
Comic-Con

Shriya
    $800 25
Cardi B

Justin
    $8,600 14
Halley's Comet

Justin
    $1200 24
huff

Triple Stumper
    $1200 9
Notre Dame

Shriya
    $1200 1
Pizarro

Justin
    $1200 11
Punxsutawney Phil

Justin
    $1200 19
(Sir) Elton John

Justin
    $1600 13
the Seven Sisters

Triple Stumper
    $1600 23
sulk

Teagan
    $1600 8
John Irving

Triple Stumper
    $1600 2
Macedonia

Shriya
    $1600 6
Sundance

Justin
    $1600 18
Pretty Little Liars

Shriya
    $2000 12
the European Space Agency

Justin
    $2000 22
agitated

Triple Stumper
    $2000 7
Colson Whitehead

Triple Stumper
    $2000 3
the Iroquois

Teagan
    $2000 10
the Watts Towers

Triple Stumper
    $2000 21
JID

Justin

Scores at the end of the Double Jeopardy! Round:

Justin Shriya Teagan
$22,400 $11,600 $8,600

[wagering suggestions for these scores]

Final Jeopardy! Round responses

FAMOUS NAMES
(Mayim: [To Teagan] [*], in the 1960s, he very famously painted images of Campbell's soup cans which were inspired by what he ate for lunch every day.)
TeaganWho is Warhol?
$3,002
ShriyaWho is Warhol? ♡ my fam + [?]
$10,001
JustinWho is Andy Warhol hi mom
$823
Andy Warhol

Final scores:

Justin Shriya Teagan
$23,223 $21,601 $11,602
Winner: semifinalist 2nd place: $5,000 3rd place: $5,000

Game dynamics:

Coryat scores:

Justin Shriya Teagan
$15,000 $11,600 $9,400
22 R
(including 1 DD),
2 W
16 R,
2 W
13 R
(including 1 DD),
2 W
(including 1 DD)

Combined Coryat: $36,000

[game clues] [game scores] [suggest correction]

Game tape date: 2023-01-29
The J! Archive is created by fans, for fans. Scraping, republication, monetization, and malicious use prohibited; this site may use cookies and collect identifying information. See terms. The Jeopardy! game show and all elements thereof, including but not limited to copyright and trademark thereto, are the property of Jeopardy Productions, Inc. and are protected under law. This website is not affiliated with, sponsored by, or operated by Jeopardy Productions, Inc. Join the discussion at JBoard.tv.